000 00297nam a22001337a 4500
020 _a81-7564-452-4
082 _a494
_bSIN/H
100 _aSINGH, BHRAJA KISHORE PRASAD
245 _aHINDI NIBHANDH
260 _aDELHI
_bSAHNI PUBLICATIONS
300 _a232
650 _aESSAY
_zDELHI
942 _cBK
999 _c4512
_d4512